| Tag |
First Indicator |
Second Indicator |
Subfields |
| LEADER |
00000cam a2200000Ii 4500 |
| 001 |
in00003441277 |
| 005 |
20140516154352.0 |
| 008 |
100712s2010 sp a b 000 0 spa d |
| 035 |
|
|
|a (OCoLC)ocn663944932
|
| 040 |
|
|
|a C3L
|b eng
|e rda
|c C3L
|d TXA
|
| 020 |
|
|
|a 9788492628780
|
| 020 |
|
|
|a 8492628782
|
| 045 |
|
|
|a t0u9
|
| 050 |
|
4 |
|a PR2979.S6
|b S26 2010
|
| 082 |
1 |
4 |
|a 822
|2 21
|
| 049 |
|
|
|a TXAM
|
| 100 |
1 |
|
|a Santana Hernández, Christian,
|e author.
|
| 245 |
1 |
0 |
|a Shakespeare :
|b un mundo de amor y locura /
|c Christian Santana Hernández.
|
| 250 |
|
|
|a Primera edición.
|
| 264 |
|
1 |
|a Las Palmas de Gran Canaria :
|b Anroart Ediciones,
|c 2010.
|
| 300 |
|
|
|a 248 pages :
|b illustrations ;
|c 21 cm.
|
| 336 |
|
|
|a text
|b txt
|2 rdacontent
|
| 337 |
|
|
|a unmediated
|b n
|2 rdamedia
|
| 338 |
|
|
|a volume
|b nc
|2 rdacarrier
|
| 490 |
1 |
|
|a Colección Textos universitarios ;
|v 16
|
| 500 |
|
|
|a This book forms part of the author's doctoral research project, entitled: Love and madness in the Elizabethan theatre: study of three parts.--Publisher's website.
|
| 504 |
|
|
|a Includes bibliographical references.
|
| 600 |
1 |
0 |
|a Shakespeare, William,
|d 1564-1616
|x Criticism and interpretation.
|
| 650 |
|
0 |
|a Love in literature.
|
| 650 |
|
0 |
|a Mental illness in literature.
|
| 830 |
|
0 |
|a Colección Textos universitarios (Anroart Ediciones) ;
|v 16.
|
| 938 |
|
|
|a Casalini Libri
|b CASA
|n 10961943
|c 16.00 EUR
|
| 948 |
|
|
|a cataloged
|b h
|c 2014/5/16
|d c
|e jmarner
|f 3:43:42 pm
|
| 994 |
|
|
|a C0
|b TXA
|
| 999 |
f |
f |
|s 17103bf5-0101-3b5f-a258-ae1e2145072d
|i 2b25ce32-bc86-3bc3-981f-4f9f70402011
|t 0
|
| 952 |
f |
f |
|p normal
|a Texas A&M University
|b College Station
|c Sterling C. Evans Library
|d Evans: Library Stacks
|t 0
|e PR2979.S6 S26 2010
|h Library of Congress classification
|i unmediated -- volume
|m A14842412083
|
| 998 |
f |
f |
|a PR2979.S6 S26 2010
|t 0
|l Evans: Library Stacks
|